000 00337nam a22001457a 4500
008 210519b ||||| |||| 00| 0 eng d
020 _a0875241506
041 _aeng
080 _a004
082 _a004
100 _a28
101 _aSHKI
245 _aTurbo Prolog the Natural Language of Artificial Intelligence
942 _2udc
_cBK
999 _c57484
_d57484